[Event "FISCA Online op"]
[Site "Chess.com INT"]
[Date "2020.06.25"]
[Round "6"]
[White "Ivancescu, Bogdan Andrei"]
[Black "Gabor, Daniel Ioan"]
[Result "0-1"]
[WhiteElo "1449"]
[BlackElo "1864"]
[PlyCount "123"]
[EventDate "2020.06.19"]
[EventType "swiss"]
[EventRounds "9"]
[EventCountry "ROU"]
[SourceTitle "CBM 197 Extra"]
[Source "ChessBase"]
[SourceDate "2020.09.30"]
[SourceVersion "1"]
[SourceVersionDate "2020.09.30"]
[SourceQuality "1"]

1. e4 e5 2. Nf3 Nc6 3. Bc4 Bc5 4. Nc3 d6 5. 0-0 Nf6 6. d3 h6 7. Nd5 0-0 8. Kh1 Na5 9. Bb3 Ng4 10. Qe2 Nxb3 11. axb3 f5 12. exf5 Bxf5 13. h3 Nf6 14. Nxf6+ Qxf6 15. Be3 Bxh3 16. gxh3 Qxf3+ 17. Qxf3 Rxf3 18. Kg2 Rf5 19. Bxc5 dxc5 20. Rae1 Rg5+ 21. Kh2 Rf8 22. Re2 Rf3 23. Rg1 Rgf5 24. Rg2 Kf7 25. Rd2 R5f4 26. Re2 Kf6 27. Rd2 g5 28. Re2 a5 29. Rd2 h5 30. Re2 Kf5 31. Rd2 h4 32. Re2 b6 33. Rd2 a4 34. bxa4 Rxa4 35. Re2 Ra2 36. Rg1 Rxb2 37. Rge1 Kf6 38. Kg2 Rf5 39. f3 Ke6 40. Ra1 Kd6 41. Ra8 b5 42. Rd8+ Kc6 43. Kf2 Rb4 44. Re4 Rb1 45. Re2 Rh1 46. Kg2 Rc1 47. Rd2 Rf4 48. Re8 Kd6 49. Rd8+ Ke7 50. Rd5 Rb4 51. Rxe5+ Kd6 52. Ree2 Rbb1 53. d4 c4 54. Re5 c6 55. Rde2 Rb2 56. Re6+ Kc7 57. Re7+ Kb6 58. f4 Rcxc2 59. Rxc2 Rxc2+ 60. Kf3 Rc3+ 61. Kg4 Rg3+ 62. Kf5 0-1

[Event "Wch U08"]
[Site "Santiago de Compostela"]
[Date "2018.11.05"]
[Round "2"]
[White "Grooten, Tommy"]
[Black "Ivancescu, Bogdan Andrei"]
[Result "1-0"]
[WhiteElo "1649"]
[BlackElo "1233"]
[PlyCount "99"]
[EventDate "2018.11.04"]
[EventType "swiss"]
[EventRounds "11"]
[EventCountry "ESP"]
[SourceTitle "EXT 2022"]
[Source "ChessBase"]
[SourceDate "2021.10.06"]
[SourceVersion "1"]
[SourceVersionDate "2021.10.06"]
[SourceQuality "1"]

1. e4 c5 2. Nf3 e6 3. d4 cxd4 4. Nxd4 a6 5. Nc3 Nc6 6. f4 Qc7 7. Be3 d6 8. Qf3 Nf6 9. 0-0-0 Bd7 10. g4 e5 11. Nf5 g6 12. g5 Nh5 13. Nd5 Qc8 14. Nb6 Qb8 15. Nxa8 Qxa8 16. Nxd6+ Bxd6 17. Rxd6 Ke7 18. Rd1 Rc8 19. Kb1 b5 20. Bh3 Rc7 21. Bxd7 Rxd7 22. Rxd7+ Kxd7 23. Rd1+ Ke8 24. Qg4 Qb7 25. f5 Qc8 26. Rd2 Ng7 27. Qh4 Nh5 28. Rd1 Nb4 29. Rc1 Qc4 30. b3 Qc3 31. Qe1 Qxe1 32. Rxe1 Kd7 33. Rf1 Ke8 34. a3 Nc6 35. f6 Kd7 36. Rd1+ Kc8 37. Rd5 Nf4 38. Bxf4 exf4 39. Rd1 f3 40. Rf1 Ne5 41. Kb2 Kc7 42. h3 a5 43. Kc3 Kc6 44. Kd4 Kd6 45. Ke3 Kc6 46. Rxf3 Nxf3 47. Kxf3 b4 48. a4 Kb6 49. e5 Kc6 50. e6 1-0

[Event "ROM-ch U08"]
[Site "Calimanesti"]
[Date "2018.03.31"]
[Round "6"]
[White "Danila, Tudor Gabriel"]
[Black "Ivancescu, Bogdan Andrei"]
[Result "0-1"]
[WhiteElo "1095"]
[BlackElo "1248"]
[PlyCount "62"]
[EventDate "2018.03.27"]
[EventType "swiss"]
[EventRounds "9"]
[EventCountry "ROU"]
[SourceTitle "CBM 183 Extra"]
[Source "ChessBase"]
[SourceDate "2018.04.19"]
[SourceVersion "1"]
[SourceVersionDate "2018.04.19"]
[SourceQuality "1"]

1. c4 f5 2. Nc3 e6 3. g3 Nf6 4. Bg2 Be7 5. e3 0-0 6. Nge2 Qe8 7. d4 d6 8. 0-0 e5 9. Qb3 c6 10. e4 fxe4 11. Nxe4 Nxe4 12. Bxe4 Bh3 13. Bg2 Bxg2 14. Kxg2 b6 15. c5+ d5 16. cxb6 axb6 17. Qxb6 Qf7 18. Qb3 Na6 19. dxe5 Nc5 20. Qe3 Ra4 21. Nc3 d4 22. Qf4 dxc3 23. Qxf7+ Rxf7 24. bxc3 Nb3 25. Bf4 Nxa1 26. Rxa1 Ba3 27. Rb1 Rc4 28. Rb3 Bc5 29. h4 h6 30. f3 Ra7 31. Rb2 Rxc3 0-1

[Event "ROM-ch U08"]
[Site "Baile Felix"]
[Date "2017.02.02"]
[Round "1"]
[White "Ivancescu, Bogdan Andrei"]
[Black "Ciobanu, Sebastian Andrei"]
[Result "1-0"]
[WhiteElo "1009"]
[BlackElo "1177"]
[PlyCount "57"]
[EventDate "2017.02.02"]
[EventType "swiss"]
[EventRounds "9"]
[EventCountry "ROU"]
[SourceTitle "CBM 176 Extra"]
[Source "ChessBase"]
[SourceDate "2017.03.02"]
[SourceVersion "1"]
[SourceVersionDate "2017.03.02"]
[SourceQuality "1"]

1. e4 e6 2. d4 d5 3. exd5 exd5 4. Nf3 Bd6 5. h3 Ne7 6. Bd3 Be6 7. Bg5 f6 8. Be3 Nbc6 9. Nc3 Qd7 10. 0-0 0-0-0 11. a3 g5 12. b4 h5 13. b5 Na5 14. Bd2 g4 15. hxg4 hxg4 16. Ne1 Rdg8 17. Nxd5 Nxd5 18. Bxa5 b6 19. Bd2 g3 20. fxg3 Rxg3 21. a4 Rxd3 22. a5 Kb7 23. axb6 cxb6 24. Ra6 Bh3 25. Qa1 Bb8 26. cxd3 Bxg2 27. Nxg2 Qh3 28. Qc1 Rg8 29. Qc6# 1-0